000 00564 a2200217 4500
005 20260204151638.0
008 260204b |||||||| |||| 00| 0 eng d
020 _a9788196924362
_cRS. 2395.00
040 _aMAIN
082 _a809
_bS23H
100 _aSharma, Bhumika
245 _aHumanities in crisis: Literary deliberations
260 _bYking Books
_c2024
_aJaipur
300 _axvii, 300
650 _aLiterature
650 _aLiterary History
650 _aCriticism- Theory
700 _aArora, Neha
700 _aAndelwar, Savita
942 _cBK
999 _c394532
_d394532